WWF WrestleMania XIV Match Card - Statistics

General Stats
  • This quiz has been taken 30 times
  • The average score is 34 of 48
Answer Stats
Match type Wrestler % Correct
Singles Kane
100%
Singles Shawn Michaels
100%
Singles "Stone Cold" Steve Austin
100%
Singles The Undertaker
100%
Dumpster Billy Gunn
95%
Dumpster Cactus Jack
95%
Dumpster Road Dogg
95%
Tag Team Battle Royal Faarooq
91%
Tag Team Battle Royal Henry O. Godwinn
91%
Tag Team Battle Royal Mark Henry
91%
Singles Owen Hart
91%
Mixed tag team Sable
91%
Singles The Rock
91%
Singles Triple H
91%
Tag Team Battle Royal Animal
86%
Dumpster Chainsaw Charlie
86%
Tag Team Battle Royal D'Lo Brown
86%
Tag Team Battle Royal Hawk
86%
Singles Ken Shamrock
86%
Mixed tag team Marc Mero
86%
Tag Team Battle Royal Bradshaw
82%
Mixed tag team The Artist Formerly Known as Goldust
82%
Tag Team Battle Royal Flash Funk
77%
Mixed tag team Luna Vachon
77%
Tag Team Battle Royal Mosh
77%
Tag Team Battle Royal Thrasher
77%
Tag Team Battle Royal Phineas I. Godwinn
73%
Tag Team Battle Royal Kama Mustafa
68%
Tag Team Battle Royal 8-Ball
64%
Tag Team Battle Royal Chainz
64%
Tag Team Battle Royal Savio Vega
64%
Tag Team Battle Royal Skull
64%
Tag Team Battle Royal Steve Blackman
59%
Singles Taka Michinoku
59%
Tag Team Battle Royal Brian Christopher
55%
Tag Team Battle Royal Bodacious Bart
50%
Tag Team Battle Royal Bombastic Bob
50%
Tag Team Battle Royal Scott Taylor
50%
Singles Aguila
45%
Tag Team Battle Royal Miguel Pérez Jr.
45%
Tag Team Battle Royal Ricky Morton
45%
Tag Team Battle Royal Robert Gibson
45%
Tag Team Battle Royal Jesus Castillo
41%
Tag Team Battle Royal Jose Estrada Jr.
41%
Tag Team Battle Royal Sniper
41%
Tag Team Battle Royal Recon
36%
Tag Team Battle Royal Jacques Rougeau
18%
Tag Team Battle Royal Pierre Ouellet
18%
No matching quizzes found
Score Distribution
Percent of People with Each Score
Percentile by Number Answered
Your Score History
You have not taken this quiz